000 00232as aa2200097a 44500
090 _aSERIADAS
_b01001
245 1 0 _aTrends in Cell Biology
260 _bElsevier Trends Journals
_aEstados Unidos
041 0 _aEspaƱol
942 _cREVISTA
999 _c17156
_d17156